000
00413nam a2200205Ia 4500
003
IT-RoPAU
008
120407s9999 xx 000 0 und d
040
_a
IT-RoPAU
040
_c
IT-RoPAU
041
_a
ita
100
_a
M. Raymond
245
_a
Dio, la donna e la vita
250
_a
Catania
260
_a
Edizioni Paoline
300
_c
cm
490
_a
Sm
490
_v
1
942
_c
BK
999
_c
155
_d
155